A vida de Beethoven (Record no. 45399)

MARC details
000 -Etiqueta do registo
Valores 00926cam a2200265 4500
100 ## - Dados gerais de processamento
Dados gerais 19931213d1943 m y0pory50030103ba
101 0# - Língua de publicação
Língua por
102 ## - País de publicação
País PT
200 1# - Titulo e menção de responsabilidade
Título próprio A vida de Beethoven
Primeira menção de responsabilidade Luiz de Freitas Branco
210 #9 - Publicação
Local de publicação Lisboa
Nome do editor Cosmos,
Data de publicação imp. 1943
215 ## - Descrição física 
Paginação / Volumes 124, [4] p.
Dimensões 19 cm
225 2# - Colecção 
Título próprio da colecção Biblioteca Cosmos
Número de parte ou secção Seccão 5. N.º 4
Nome de parte ou secção Biografias
Indicação de volume 50
317 ## - Nota de proveniência
Texto da nota Funda—cão C. Gulbenkian, Fundo Viana da Mota
317 ## - Nota de proveniência
Texto da nota Doa—cão António de Oliveira e Silva
317 ## - Nota de proveniência
Texto da nota Doa—cão Maria Aurora Sequeira
317 ## - Nota de proveniência
Texto da nota Funda—cão C. Gulbenkian, Espólio Emma Romero da Câmara Reis ; cota anterior: C.R. 579
600 #1 - Nome de pessoa usado como assunto
Apelido Beethoven,
Nome Ludwig van,
Datas 1770-1827
606 ## - Nome comum usado como assunto
Palavra de ordem Compositores alemães
Subdivisão cronológica Séc. 18-19
606 ## - Nome comum usado como assunto
Palavra de ordem Compositores
675 ## - CDU
Notação 78Beethoven, Ludwig van
Edição BN
Língua por
700 #1 - Autor principal
Apelido Branco,
Nome Luís de Freitas,
Datas 1890-1955
801 #0 - Fonte de origem
País PT
Agência BN
Regras de catalogação RPC
990 ## - Elementos KOHA
Tipo de documento Livro
Holdings
Aquisição Empréstimo Código de barras Cota Permissão de empréstimo Tipo de documento Nota relativa ao exemplar
Biblioteca Municipal de Redondo Biblioteca Municipal de Redondo 056137 929 BEE Consulta presencial Livro oferta de Vergílio Ambrósio

Powered by Koha